Statistics for RPDR Queens With the Most Lip Sync Wins

Click here to take the quiz!

General Stats

  • This quiz has been taken 469 times
    (165 since last reset)
  • The average score is 14 of 32

Answer Stats

HintAnswer% Correct
4Alaska Thunderf*ck 5000
82%
5Jujubee
76%
4Alyssa Edwards
74%
5Trinity the Tuck
71%
4Monet X Change
67%
4Kameron Michaels
64%
3BendelaCreme
63%
3Detox Ic*nt
63%
5Shangela Laquifa Wadley
63%
3Coco Montresse
62%
4Raven
61%
5Latrice Royale
60%
3Shea Coulee
57%
3Manila Luzon
56%
3Eureka
48%
3Peppermint
45%
3Roxxxy Andrews
43%
3Kennedy Davenport
42%
3Alexis Mateo
36%
4Yvie Oddly
35%
3Chad Michaels
32%
3Naomi Smalls
31%
4Bebe Zahara Benet
30%
3Heidi N Closet
28%
3Rajah O'Hara
27%
3Brooke Lynn Hytes
24%
3Darienne Lake
18%
3Jaida Essence Hall
14%
3Priyanka
12%
4Miss Abby OMG
7%
3Kana Warrior
2%
3Srimala
2%

Score Distribution

Percentile by Number Answered

Percent of People with Each Score

Your Score History

You have not taken this quiz since the last reset